Voprosy metalingvistiki (Questions of Metalinguistics)

Bibliographic Details
Main Author: Krupa, Viktor, 1936-2021 (Author)
Format: Article
Language:English

MARC

LEADER 00000nab a2200000ua 4500
001 vtls010840230
003 SK-MaSNL
005 20260303144336.0
008 230222s1975 xo |||||||||||||||||eng|
035 |a (urnnbn)urn:nbn:sk:snk:ar-a06xbs 
035 |a urn:nbn:sk:snk-ab6328 
035 |a (uuid)af30304b-6c44-4fdf-8c71-6a5af2a28227 
040 |a SNKBUCL  |b slo  |c SNKBUCL  |e AACR2 
041 0 |a eng 
044 |a xo  |c SK 
100 1 |a Krupa, Viktor,  |d 1936-2021  |4 aut  |9 5206 
245 1 0 |a Voprosy metalingvistiki (Questions of Metalinguistics)  |c Viktor Krupa 
773 0 |t Asian and African studies  |g Roč. 11, č. 1 (1975), s. 216-217 
958 |a OND 
958 |a EUIPO 
958 |a article5 
999 |c 1996549  |d 1998479